Kinh dịch diễn giải

محفوظ في:
التفاصيل البيبلوغرافية
المؤلف الرئيسي: Trần Trọng Sâm
التنسيق: كتاب
الوسوم: إضافة وسم
لا توجد وسوم, كن أول من يضع وسما على هذه التسجيلة!
Thư viện lưu trữ: Mạng thư viện Đại học Đà Nẵng
LEADER 00644nam a2200217 4500
001 000006088
003 2242
005 20150812140802.0
008 110831s sd
100 0 |a Trần Trọng Sâm 
245 0 0 |a Kinh dịch diễn giải  |c Trần Trọng Sâm 
774 |a Trần Trọng Sâm  |d Văn học  |d H.  |d 2000  |g T.2  |h 537tr  |w 2241 
774 |a Trần Trọng Sâm  |d Văn học  |d H.  |d 2000  |g T.1  |h 786tr  |w 10104 
OWN |a LSP 
999 |a From the UDN01 
TYP |a Monograph 
TYP |a Printed language 
980 |a Mạng thư viện Đại học Đà Nẵng